000 00737nam a2200301 a 4500
003 AR-BaBNM
005 20251128210658.0
008 082120s2002 ||||||||||||||000 | spa||
020 _a84-8310-518-7
040 _cAR-BaBNM
100 1 _aSemprún, Jorge
245 0 0 _aLa escritura o la vida
250 _a1ª ed.
260 _aBarcelona
_bTusquets Editores
_c1997
300 _a330 p.
490 0 _aFábula
_vv. 61
650 4 _aLITERATURA ESPAÑOLA
650 4 _aLITERATURA CONTEMPORANEA
650 4 _aNAZISMO
650 4 _aHISTORIA EUROPEA
650 4 _aIDEOLOGIAS
650 4 _aSEGUNDA GUERRA MUNDIAL
650 4 _aTESTIMONIOS
653 _aNARRATIVA
655 _aLITERATURA
942 _cBK
998 _cMARTIN
999 _c16406
_d16406